| 000 | 00441nam a2200193Ia 4500 | ||
|---|---|---|---|
| 003 | 0100 | ||
| 008 | 130303s9999 xx 000 0 und d | ||
| 040 | _cARRUPELIB | ||
| 050 | _aBL42.S42 | ||
| 100 | _aSealey, John A. | ||
| 245 | _aReligion in schools | ||
| 245 | _ba philosophical examination | ||
| 260 | _bGleerup, CWK | ||
| 260 | _C1982 | ||
| 300 | _a160p. | ||
| 300 | _b 22cm | ||
| 650 | _bSemi-Pelagianism | ||
| 942 |
_2lcc _01 |
||
| 999 |
_c65553 _d65553 |
||